000 00258nam a22001217a 4500
008 180307b xxu||||| |||| 00| 0 eng d
041 _aeng
080 _a7
100 _a42
101 _aART
245 _aAFRICAN AND OCEAN ART
_cHANS.N
942 _2udc
_cBK
999 _c44277
_d44277